MARC

LEADER 00000nam0a2200000 4500
001 330654
005 20231102004300.0
035 |a (RuTPU)RU\TPU\book\356442 
035 |a RU\TPU\book\356441 
090 |a 330654 
100 |a 20170410d1979 k y0rusy50 ca 
101 0 |a rus 
102 |a RU 
105 |a a z 001zy 
200 1 |a Исследования в области технологии производства гидротехнических работ  |e сборник научных трудов  |f Всесоюзный научно-исследовательский институт гидротехники им. Б. Е. Веденеева (ВНИИГ) 
210 |a Ленинград  |c Энергия  |d 1979 
215 |a 136 с.  |c ил. 
225 1 |a Известия ВНИИГ им. Б. Е. Веденеева  |v Т. 134 
320 |a Библиогр. в конце статей 
606 1 |a Гидротехнические работы  |x Производство  |2 stltpush  |3 (RuTPU)RU\TPU\subj\6815  |9 34606 
610 1 |a гидроизоляционные работы 
610 1 |a бетонные работы 
610 1 |a земляные работы 
610 1 |a гидротехническое строительство 
610 1 |a асфальтобетонные диафрагмы 
610 1 |a грунтовые плотины 
610 1 |a полимерные материалы 
610 1 |a испытание 
610 1 |a контроль 
610 1 |a бетонные строительные конструкции 
610 1 |a виброуплотнения 
675 |a 626/628  |v 3 
712 0 2 |a Всесоюзный научно-исследовательский институт гидротехники им. Б. Е. Веденеева (ВНИИГ)  |2 stltpush  |3 (RuTPU)RU\TPU\col\11485 
801 1 |a RU  |b 63413507  |c 20140610 
801 2 |a RU  |b 63413507  |c 20170427  |g RCR 
942 |c BK